LEADER 01089nam a2200265 i 4500 001 000000139741 003 CaOOAMICUS 005 20050614000000.0 008 050614s2005 it u000 u ita u 013 $a113874 020 $a88-464-6374-9 040 $aSeMil$bita 100 1 $aRusso, Emanuele.$0(OLS)http://semarc/name/56366 245 13$aLa dimensione intersoggettiva della personalità /$cEmanuele Russo. 260 $aMilano :$bFranco Angeli,$ccopyr. 2005. 300 $a156 p. ;$c23 cm. 500 $aContiene : Bibliografia. 650 4$aPersonalità - Psicologia.$0(OLS)http://semarc/subject/7208 650 4$aIntersoggettività - Psicologia.$0(OLS)http://semarc/subject/27458 850 $aSeMil 852 $aSeMil$W1$xVenegono$y1$m80 34 12 *$j93131$B93131$CSeMilBibl$Z2$F98543 $81 961 $aAcquisto: Àncora (Libreria) 996 $6020$a88-464-6374-9$9(OLS)http://semarc/number/127793 996 $6245$aLa dimensione intersoggettiva della personalità$9(OLS)http://semarc/title/204089 996 $6260$aMilano :$bFranco Angeli$9(OLS)http://semarc/publisher/30369 LEADER 01318nam a2200289 i 4500 001 000000111908 003 CaOOAMICUS 005 20100315000000.0 008 100315s1980 xxk u000 u eng u 013 $a84590 020 $a0-04-922030-6 040 $aSeMil$bita 245 14$aThe life and teaching of Geshé Rabten :$ba Tibetan Lama's search for truth /$ctranslated and edited by B. Alan Wallace. 260 $aLondon ; Boston ; Sydney :$bGeorge Allen & Unwin,$c1980. 300 $a204 p., [1] ritr. :$bill. ;$c23 cm. 500 $aFondo Card. C.M. Martini. 650 4$aRabten (Geshé) <1920-1986>.$0(OLS)http://semarc/subject/20086 650 4$aBuddismo - Tibet.$0(OLS)http://semarc/subject/4957 700 1 $aWallace, B. Alan.$0(OLS)http://semarc/name/46901 700 1 $aRabten (Geshé) <1920-1986>.$0(OLS)http://semarc/name/46900 850 $aSeMil 852 $aSeMil$W1$xVenegono$y1$m2X III 67$j67710$B67710$CSeMilBibl$Z2$F104020 $81 941 1 $a4 961 $aOmaggio: Martini Card. Carlo Maria 996 $6020$a0-04-922030-6$9(OLS)http://semarc/number/94273 996 $6245$aThe life and teaching of Geshé Rabten :$ba Tibetan Lama's search for truth$9(OLS)http://semarc/title/163027 996 $6260$aLondon ; Boston ; Sydney :$bGeorge Allen & Unwin$9(OLS)http://semarc/publisher/45206